Top 100 des plus grandes villes du Brésil - Statistiques

Statistiques générales
  • Ce quiz a été pris 65 fois
  • Le résultat moyen est 13 sur 100
Statistiques - réponses
Population Villes % Correct
6 625 849 Rio de Janeiro
98%
12 200 180 São Paulo
98%
1 494 586 Recife
78%
2 610 987 Salvador
71%
2 392 678 Belo Horizonte
69%
1 871 789 Curitiba
69%
2 596 157 Fortaleza
67%
2 054 731 Manaus
67%
1 367 336 Belém
65%
1 404 269 Porto Alegre
61%
751 932 Natal
41%
1 061 374 São Luís
35%
574 200 Florianópolis
33%
1 414 483 Goiânia
31%
1 170 247 Campinas
29%
942 140 Campo Grande
27%
414 029 Santos
27%
694 244 Cuiabá
24%
408 157 Boa Vista
22%
889 618 João Pessoa
20%
868 523 Teresina
20%
478 448 Macapá
18%
960 667 Maceió
18%
428 527 Porto Velho
18%
605 309 Aracaju
16%
334 454 Palmas
14%
1 383 272 Guarulhos
12%
725 419 São José dos Campos
10%
725 536 Uberlândia
10%
363 340 Blumenau
8%
418 140 Campina Grande
8%
782 799 Duque de Caxias
8%
523 664 Niterói
8%
832 347 São Bernardo do Campo
8%
393 417 Anápolis
6%
471 602 Mogi das Cruzes
6%
777 048 Osasco
6%
304 758 Petrópolis
6%
342 613 Barueri
4%
702 739 Ribeirão Preto
4%
364 368 Rio Branco
4%
776 640 Santo André
4%
256 898 São Carlos
4%
334 632 São Vicente
4%
738 128 Sorocaba
4%
311 912 Taubaté
4%
213 929 Araçatuba
2%
250 304 Araraquara
2%
388 686 Bauru
2%
181 556 Bragança Paulista
2%
214 057 Cabo Frio
2%
404 738 Diadema
2%
286 323 Foz do Iguaçu
2%
370 378 Franca
2%
251 591 Jacareí
2%
459 789 Jundiaí
2%
305 169 Limeira
2%
271 321 Marabá
2%
344 834 Praia Grande
2%
226 692 Presidente Prudente
2%
206 950 Rio Claro
2%
359 090 Uberaba
2%
243 674 Americana
0%
171 672 Atibaia
0%
145 272 Botucatu
0%
203 084 Cabo de Santo Agostinho
0%
196 133 Cachoeiro de Itapemirim
0%
132 558 Caraguatatuba
0%
406 221 Carapicuíba
0%
289 622 Cotia
0%
277 249 Embu
0%
187 253 Ferraz de Vasconcelos
0%
182 265 Francisco Morato
0%
159 367 Franco da Rocha
0%
311 116 Guarujá
0%
246 449 Hortolândia
0%
266 593 Indaiatuba
0%
172 898 Itapecerica
0%
166 959 Itapetininga
0%
239 084 Itapevi
0%
392 218 Itaquaquecetuba
0%
176 548 Itu
0%
132 351 Jaú
0%
164 881 Lages
0%
238 605 Marília
0%
383 280 Mauá
0%
154 487 Mogi Guaçu
0%
159 434 Patos de Minas
0%
164 932 Pindamonhangaba
0%
141 988 Salto
0%
183 447 Santa Bárbara d’Oeste
0%
133 136 Santa Cruz do Sul
0%
163 348 Santana de Parnaíba
0%
166 847 São Caetano do Sul
0%
475 643 São José do Rio Preto
0%
219 030 Sobral
0%
294 128 Sumaré
0%
283 419 Taboão da Serra
0%
132 846 Valinhos
0%
493 242 Vila Velha
0%
Aucun quiz correspondant
Distribution des résultats
% des personnes avec chaque résultat
Percentile par nombre de réponses
Votre historique - résultats
Vous n’avez pas pris ce quiz